[Event "Grosslobming WGP 2025"]
[Site "Grosslobming AUT"]
[Date "2025.05.06"]
[Round "1"]
[White "Javakhishvili,L"]
[Black "Dzagnidze,N"]
[Result "1/2-1/2"]
[WhiteElo "2430"]
[BlackElo "2509"]
[EventDate "2025.05.06"]

1. Nf3 Nf6 2. g3 b5 3. Bg2 Bb7 4. d4 e6 5. O-O c5 6. Na3 b4 7. Nc4 d5 8.
Nce5 Nbd7 9. c3 cxd4 10. Qa4 Be7 11. Nxd4 Qb6 12. Nxd7 Nxd7 13. e4 dxe4 14.
Be3 Qa6 15. Qxa6 Bxa6 16. Bxe4 Rc8 17. Rfd1 bxc3 18. bxc3 Ne5 19. a4 Ng4
20. Bd2 O-O 21. h3 Nf6 22. Bg2 Nd5 23. Nb5 Bxb5 24. Bxd5 Be2 25. Re1 Ba6
26. Bg2 Bf6 27. Red1 Be2 28. Re1 Bd3 29. Red1 Bxc3 30. Bxc3 Rxc3 31. Rac1
Ra3 32. Rc5 g6 33. Ra5 a6 34. Bf1 Bxf1 35. Kxf1 Rc8 36. Rxa6 Rc2 37. Kg2
Raa2 38. Rf1 h5 39. h4 Kg7 40. Ra8 Kf6 41. a5 e5 42. a6 Kf5 43. Kh3 f6 44.
a7 Rd2 45. Kg2 Rd7 46. Rb1 Rdxa7 47. Rxa7 Rxa7 48. Rb5 Ra4 49. Kf3 g5 50.
hxg5 Kxg5 51. Rb8 h4 52. Rg8+ Kf5 53. gxh4 Rxh4 54. Rf8 e4+ 55. Ke2 Rh3 56.
Ra8 Kf4 57. Ra6 f5 58. Ra5 Rh1 59. Ra3 Rb1 60. Rc3 Rb2+ 61. Ke1 Ke5 62.
Rc5+ Ke6 63. f3 exf3 64. Rc3 f2+ 65. Kf1 Kf6 66. Ra3 Kg5 67. Rc3 Kg4 68.
Ra3 f4 69. Rc3 Kf5 70. Ra3 Ke4 71. Ra4+ Kf3 72. Ra3+ Kg4 73. Rc3 Rb1+ 74.
Kxf2 Rb2+ 75. Kf1 f3 76. Rc8 1/2-1/2

[Event "Grosslobming WGP 2025"]
[Site "Grosslobming AUT"]
[Date "2025.05.06"]
[Round "1"]
[White "Vaishali,Rameshbabu"]
[Black "Salimova,Nurgyul"]
[Result "1-0"]
[WhiteElo "2475"]
[BlackElo "2399"]
[EventDate "2025.05.06"]

1. e4 c6 2. d4 d5 3. e5 c5 4. c3 Nc6 5. Bb5 cxd4 6. cxd4 a6 7. Bxc6+ bxc6
8. Nc3 e6 9. Nf3 Ne7 10. h4 a5 11. O-O Nf5 12. Bg5 Be7 13. Bxe7 Qxe7 14. g3
c5 15. Na4 cxd4 16. Nxd4 Nxd4 17. Qxd4 Qb4 18. Qxb4 axb4 19. Nc5 Bd7 20.
Rfd1 Ke7 21. Rd4 b3 22. a3 Rhb8 23. Rc1 Rb5 24. Nd3 Rbb8 25. Rc3 Ra7 26. f4
Kd8 27. Kf2 Rc7 28. Rxc7 Kxc7 29. Ke3 Rb6 30. Rb4 f6 31. Kd4 Rc6 32. Nc5
Bc8 33. Rxb3 Ba6 34. Rc3 Kd8 35. Na4 1-0

[Event "Grosslobming WGP 2025"]
[Site "Grosslobming AUT"]
[Date "2025.05.06"]
[Round "1"]
[White "Muzychuk,M"]
[Black "Muzychuk,A"]
[Result "1/2-1/2"]
[WhiteElo "2494"]
[BlackElo "2526"]
[EventDate "2025.05.06"]

1. d4 Nf6 2. c4 e6 3. g3 d5 4. Bg2 dxc4 5. Nf3 Nc6 6. O-O a6 7. Qc2 Nxd4 8.
Nxd4 Qxd4 9. Be3 Qe5 10. Nd2 Nd5 11. Nxc4 Nxe3 12. Nxe3 Qc5 13. Qb3 Qb4 14.
Qc2 Qc5 15. Qb3 Qb4 16. Qc2 Qc5 1/2-1/2

[Event "Grosslobming WGP 2025"]
[Site "Grosslobming AUT"]
[Date "2025.05.06"]
[Round "1"]
[White "Zhu,Jiner"]
[Black "Tan,Zhongyi"]
[Result "0-1"]
[WhiteElo "2541"]
[BlackElo "2536"]
[EventDate "2025.05.06"]

1. e4 e5 2. Nf3 Nc6 3. Bb5 a6 4. Ba4 Nf6 5. O-O Be7 6. d3 b5 7. Bb3 d6 8.
a4 Bd7 9. Re1 O-O 10. Be3 Na5 11. Ba2 c5 12. Nc3 bxa4 13. Bb1 Nc6 14. Nxa4
Nd4 15. Nd2 Rb8 16. Nc4 Bb5 17. Nd2 Qa5 18. c3 Ne6 19. b3 d5 20. Nf3 d4 21.
Bd2 Qc7 22. cxd4 cxd4 23. Nb2 Nd7 24. b4 Nd8 25. Ba2 Nc6 26. Qc2 Qd6 27.
Nc4 Nxb4 28. Bxb4 Qxb4 29. Ncxe5 Nxe5 30. Nxe5 Qc3 31. Qe2 Qc7 32. Nc4 Bb4
33. Rec1 Qe7 34. e5 Rfe8 35. f4 Kh8 36. Rab1 a5 37. Qe4 f6 38. Nd6 Bxd6 39.
Rxb5 Rxb5 40. exd6 Qd8 41. Qxd4 Rb4 42. Rc4 Qd7 43. Qd5 Rb6 44. Re4 Rd8 45.
Qxa5 Qxd6 46. h3 Ra6 47. Qb5 g6 48. Bc4 Ra1+ 49. Kf2 Kg7 50. Qb2 Ra7 51.
Qe2 Rdd7 52. h4 Re7 53. g3 Rxe4 54. Qxe4 Kh6 55. Kg2 Re7 56. Qa8 Re2+ 57.
Kh3 Qc5 58. Bd5 Qe7 59. Qc8 Re3 60. Bc4 Qd6 61. Kh2 Re1 62. Kh3 Qe7 63. Bd5
Rd1 64. Be4 f5 65. Qc2 Re1 66. Qc3 Rg1 67. Qd4 Rd1 68. Bf3 Rd2 69. Qd5 Qe1
70. Qa8 Qe7 71. h5 Kg7 72. Qa1+ Kh6 73. hxg6 hxg6 74. Qh8+ Qh7 75. Qc3 Rf2
76. Bd5 Qg7 77. Qxg7+ Kxg7 78. Bg2 Rd2 79. Kh2 Kf6 80. Kg1 Ke6 81. Bc6 Rxd3
82. Kf2 Rc3 83. Bb7 Kd6 84. Kg2 Kc5 85. Kf2 Kd4 86. Ba8 Rc7 87. Bf3 Rc2+
88. Kg1 Ke3 89. Bd5 Rc7 90. Kg2 Rg7 91. Be6 Re7 92. Bd5 Rd7 93. Bc6 Rg7 94.
Bd5 g5 95. fxg5 Rxg5 96. Kh3 Kf2 0-1

[Event "Grosslobming WGP 2025"]
[Site "Grosslobming AUT"]
[Date "2025.05.06"]
[Round "1"]
[White "Badelka,Olga"]
[Black "Kosteniuk,A"]
[Result "1-0"]
[WhiteElo "2426"]
[BlackElo "2479"]
[EventDate "2025.05.06"]

1. d4 d5 2. c4 e6 3. Nc3 c6 4. e4 dxe4 5. Nxe4 Bb4+ 6. Bd2 Qxd4 7. Bxb4
Qxe4+ 8. Be2 Na6 9. Bc3 Qxg2 10. Qd6 Bd7 11. Bf3 Qg5 12. Rd1 O-O-O 13. h4
Qg6 14. h5 Qg5 15. Ne2 Nh6 16. Rg1 Qh4 17. Ba5 Qxc4 18. b3 Qb5 19. Bxd8
Rxd8 20. Nc3 Qa5 21. Qd2 Nf5 22. Rg4 Qe5+ 23. Be2 Nc7 24. Ne4 h6 25. Kf1
Nd5 26. Kg1 b6 27. Ng3 Kc7 28. Bf3 Nxg3 29. Rxg3 Be8 30. Re1 Qf6 31. Qe2
Rd6 32. Qe4 Nf4 33. Qh7 Nd3 34. Rf1 Ne5 35. Bg2 g6 36. Qxh6 Rd4 37. Qf8 Rd8
38. h6 Bd7 39. Qa3 a5 40. f4 Qh4 41. Rh3 Qg4 42. fxe5 c5 43. Qb2 1-0

[Event "Grosslobming WGP 2025"]
[Site "Grosslobming AUT"]
[Date "2025.05.07"]
[Round "2"]
[White "Dzagnidze,N"]
[Black "Kosteniuk,A"]
[Result "1/2-1/2"]
[WhiteElo "2509"]
[BlackElo "2479"]
[EventDate "2025.05.06"]

1. Nf3 d5 2. c4 e6 3. b3 Nf6 4. Bb2 Be7 5. g3 O-O 6. Bg2 a5 7. Nc3 c6 8.
O-O Nbd7 9. Qc2 Nb6 10. d3 a4 11. e4 a3 12. Bc1 d4 13. Ne2 c5 14. e5 Nfd7
15. h4 Nb8 16. b4 cxb4 17. Nexd4 Nc6 18. Nb5 f6 19. Bf4 fxe5 20. Nxe5 Rxf4
21. gxf4 Nd4 22. Nxd4 Qxd4 23. Be4 Nd7 24. Qe2 Nf6 25. Rab1 Bc5 26. Nf3 Qd6
27. d4 Qxf4 28. Bxh7+ Nxh7 29. dxc5 Qg4+ 30. Kh1 Bd7 31. Rg1 Qh3+ 32. Nh2
Bc6+ 33. f3 Rf8 34. Rb3 Rf7 35. Qf2 e5 36. Qg3 Qxg3 37. Rxg3 Nf6 38. Kg1
Rd7 39. Ng4 Rd1+ 40. Kf2 Nd7 41. Rg1 Rd2+ 42. Ke3 Rxa2 43. Rxb4 Kf7 44.
Rbb1 Ke6 45. Ra1 Rc2 46. Rgc1 Rg2 47. Rg1 Rc2 48. Rgc1 Rg2 49. Rxa3 Nxc5
50. Nf2 e4 51. Nh3 Ke5 52. Ng5 exf3 53. Nxf3+ Kd6 54. Rd1+ Kc7 55. Kf4 Re2
56. Ng5 Rh2 57. Kg3 Rg2+ 58. Kh3 Rc2 59. Rd4 g6 60. Re3 Bd7+ 61. Kg3 Bf5
62. Rf4 Bd7 63. Nf3 Rc1 64. Ne5 Be6 65. Rf6 Bf5 66. h5 Ne4+ 67. Rxe4 Bxe4
68. hxg6 Rg1+ 69. Kf4 Bxg6 70. Rxg6 Rxg6 71. Nxg6 b5 72. cxb5 Kb6 1/2-1/2

[Event "Grosslobming WGP 2025"]
[Site "Grosslobming AUT"]
[Date "2025.05.07"]
[Round "2"]
[White "Tan,Zhongyi"]
[Black "Badelka,Olga"]
[Result "1-0"]
[WhiteElo "2536"]
[BlackElo "2426"]
[EventDate "2025.05.06"]

1. e4 e6 2. d4 d5 3. Nd2 c5 4. Ngf3 Nf6 5. e5 Nfd7 6. dxc5 Nc6 7. Bb5 Bxc5
8. Nb3 Bb6 9. Qe2 O-O 10. O-O Qc7 11. Re1 f6 12. exf6 Nxf6 13. Be3 Bxe3 14.
Qxe3 Ng4 15. Qd2 Bd7 16. h3 Rxf3 17. hxg4 Rf4 18. f3 h5 19. gxh5 Rh4 20.
Bxc6 bxc6 21. Qg5 Qh2+ 22. Kf2 Rxh5 23. Qg4 Rh4 24. Qg3 Qxg3+ 25. Kxg3 Rc4
26. c3 Rb8 27. Re2 c5 28. Rh1 Kf7 29. Nc1 Bb5 30. Rhe1 Rb6 31. Nd3 Ra4 32.
Nxc5 Rxa2 33. Re3 Rxb2 34. Nxe6 a5 35. Nf4 Rb7 36. Re5 a4 37. Rf5+ Kg8 38.
Nxd5 a3 39. Ne7+ Rxe7 40. Rxe7 a2 41. Ra7 Bf1 42. Rg5 Kh8 43. Kf4 Bc4 44.
Rc5 Bb3 45. Rb5 Rb1 46. g4 Be6 47. Rba5 Rc1 48. Ra3 Kh7 49. Kg5 Rf1 50. f4
Rf2 51. f5 Bc4 52. Rc7 Bb3 53. Raa7 Kh8 54. Kg6 Rf4 55. Rc8+ Bg8 56. Rxg8+
1-0

[Event "Grosslobming WGP 2025"]
[Site "Grosslobming AUT"]
[Date "2025.05.07"]
[Round "2"]
[White "Muzychuk,A"]
[Black "Zhu,Jiner"]
[Result "1-0"]
[WhiteElo "2526"]
[BlackElo "2541"]
[EventDate "2025.05.06"]

1. e4 e5 2. Nf3 Nc6 3. Bb5 a6 4. Ba4 Nf6 5. O-O Nxe4 6. Re1 Nc5 7. Bxc6
dxc6 8. Nxe5 Be7 9. d4 Ne6 10. Be3 O-O 11. c4 Re8 12. Nc3 f6 13. Nf3 Nf8
14. Qb3 Bg4 15. Nd2 Qd7 16. d5 Qc8 17. Nde4 Bh5 18. dxc6 bxc6 19. Bc5 Bxc5
20. Nxc5 Qf5 21. N5e4 Qe5 22. h3 Rab8 23. Qa3 Bf7 24. Re3 Bxc4 25. Rae1 Qh5
26. b3 Bd5 27. Qxa6 Qf7 28. Qe2 Re5 29. f4 Re6 30. Nc5 Rxe3 31. Qxe3 h5 32.
Qe7 Ng6 33. Qxf7+ Kxf7 34. Nxd5 cxd5 35. Nd3 Ne7 36. Kf2 c6 37. g4 hxg4 38.
hxg4 Rb6 39. Ke3 Ke6 40. Kd2+ Kd6 41. f5 Ng8 42. Re6+ Kc7 43. Kc3 Rb7 44.
Nb4 Kd7 45. Na6 Ra7 46. Nc5+ Kc7 47. a4 Nh6 48. Re7+ Kb8 49. Re8+ Kc7 50.
Re7+ Kb8 51. Re8+ Kc7 52. Kd4 Nxg4 53. Re7+ Kb8 54. Re8+ Kc7 55. Re7+ Kb8
56. Nd7+ Kc8 57. Rxg7 Nh6 58. Nb6+ Kb8 59. Nd7+ Kc8 60. Nb6+ Kb8 61. Rxa7
Kxa7 62. Nc8+ Kb7 63. Nd6+ Kc7 64. Kc5 d4 65. Ne8+ Kd8 66. Nxf6 Nxf5 67.
Ne4 Kc7 68. Nf2 Ng7 69. Kxd4 Ne6+ 70. Kc4 Kb6 71. Nd3 Nc7 72. b4 Ne6 73.
Nc5 Nc7 74. Nd7+ Ka7 75. Ne5 Kb6 76. Nf7 Ne6 77. Nd6 Kc7 78. Nf5 Kb6 79.
Nd6 Kc7 80. Ne4 Kb6 81. a5+ Ka7 82. Nc5 Nc7 83. Kd4 Nb5+ 84. Ke5 Na3 85.
Kd6 Nc2 86. Nd3 Kb7 87. Kc5 Ka6 88. Ne5 Na1 89. Nxc6 Nb3+ 90. Kc4 Nd2+ 91.
Kd3 Nf3 92. Nd4 Ne5+ 93. Kc3 Nf7 94. Kb3 Nd6 95. Ka4 1-0

[Event "Grosslobming WGP 2025"]
[Site "Grosslobming AUT"]
[Date "2025.05.07"]
[Round "2"]
[White "Salimova,Nurgyul"]
[Black "Muzychuk,M"]
[Result "1/2-1/2"]
[WhiteElo "2399"]
[BlackElo "2494"]
[EventDate "2025.05.06"]

1. e4 c5 2. Nf3 Nc6 3. Bb5 e6 4. Bxc6 bxc6 5. d3 Qc7 6. O-O Ne7 7. Nh4 Ng6
8. Nxg6 hxg6 9. f4 d5 10. e5 c4 11. d4 c5 12. c3 cxd4 13. cxd4 Bd7 14. Nc3
Rb8 15. Rf2 Bb4 16. Be3 f5 17. Rc1 Kf7 18. Qf3 Qa5 19. Kh1 Rh4 20. Bd2 Bxc3
21. Bxc3 Qxa2 22. Rff1 Qb3 23. Ra1 Qb7 24. h3 a6 25. Qe2 Bb5 26. Rf3 Qe7
27. Qe1 Rbh8 28. Bb4 Qd8 29. Qe3 R4h5 30. Bd2 Qe7 31. Kg1 Rh4 32. Be1 R4h5
33. Bd2 Rh4 34. Be1 R4h5 35. Bd2 Rh4 36. Be1 1/2-1/2

[Event "Grosslobming WGP 2025"]
[Site "Grosslobming AUT"]
[Date "2025.05.07"]
[Round "2"]
[White "Javakhishvili,L"]
[Black "Vaishali,Rameshbabu"]
[Result "0-1"]
[WhiteElo "2430"]
[BlackElo "2475"]
[EventDate "2025.05.06"]

1. Nf3 d5 2. g3 c5 3. Bg2 Nc6 4. d4 e6 5. O-O cxd4 6. Nxd4 Bc5 7. Nb3 Bb6
8. c4 Nge7 9. cxd5 exd5 10. Nc3 O-O 11. Na4 d4 12. Nxb6 axb6 13. e3 d3 14.
Bd2 Bf5 15. Bc3 Nd5 16. Be1 Ndb4 17. Nd4 Nxd4 18. Bxb4 Ne2+ 19. Kh1 Re8 20.
Qd2 Rc8 21. Bc3 b5 22. a3 Qc7 23. e4 Bxe4 24. Bxe4 Rxe4 25. Qxd3 Qc6 26. f3
Re6 27. Rad1 Rce8 28. Be1 h5 29. Qd5 Qc2 30. Qd3 Qxb2 31. Rb1 Nc1 32. Qf5
Qe2 33. Kg1 Re5 34. Qd7 Qc2 35. Bd2 Qxb1 36. Rxc1 Qb3 37. Bc3 Re2 38. Qd4
f6 39. Qd3 Qa2 0-1

[Event "Grosslobming WGP 2025"]
[Site "Grosslobming AUT"]
[Date "2025.05.08"]
[Round "3"]
[White "Vaishali,Rameshbabu"]
[Black "Dzagnidze,N"]
[Result "1/2-1/2"]
[WhiteElo "2475"]
[BlackElo "2509"]
[EventDate "2025.05.06"]

1. e4 c5 2. Nf3 e6 3. d4 cxd4 4. Qxd4 Nc6 5. Qe3 Nf6 6. Nc3 d6 7. b3 Be7 8.
Bb2 a6 9. O-O-O Qc7 10. Rg1 Ng4 11. Qd2 b5 12. h3 Nf6 13. g4 Ne5 14. Nd4 b4
15. Nce2 Nxe4 16. Qe3 Bb7 17. Bg2 d5 18. f3 Nc3 19. Nxc3 bxc3 20. Qxc3 Bg5+
21. Kb1 Qxc3 22. Bxc3 Ng6 23. Ne2 f6 24. Bd2 Bxd2 25. Rxd2 h5 26. g5 fxg5
27. Bh1 Ke7 28. Rxg5 Kf6 29. Rg1 a5 30. f4 Rab8 31. Kb2 Rhd8 32. Rd3 h4 33.
Rg4 Ba6 34. Re3 Bxe2 35. Rxe2 Rb4 36. Rf2 Kf5 37. Rg5+ Kf6 38. Rg4 Kf5 39.
Rg5+ Kf6 40. Rg4 1/2-1/2

[Event "Grosslobming WGP 2025"]
[Site "Grosslobming AUT"]
[Date "2025.05.08"]
[Round "3"]
[White "Muzychuk,M"]
[Black "Javakhishvili,L"]
[Result "0-1"]
[WhiteElo "2494"]
[BlackElo "2430"]
[EventDate "2025.05.06"]

1. e4 e5 2. Nf3 Nc6 3. Bc4 Bc5 4. O-O Nf6 5. d3 O-O 6. c3 d5 7. exd5 Nxd5
8. a4 a5 9. Nbd2 Nb6 10. Bb5 Bd6 11. Ne4 Bg4 12. Re1 Na7 13. h3 Bh5 14. Ng3
Bg6 15. h4 h6 16. h5 Bh7 17. Ne4 Nxb5 18. axb5 Re8 19. g3 Bf8 20. Qe2 Qd7
21. c4 Rad8 22. Rd1 Qg4 23. Nc3 Qxh5 24. Be3 Bf5 25. Ne1 Qg6 26. Rxa5 h5
27. Ra7 h4 28. Kg2 hxg3 29. fxg3 Bg4 30. Nf3 e4 31. dxe4 Rxd1 32. Qxd1 Nxc4
33. Qd4 Bxf3+ 34. Kxf3 Qh5+ 35. g4 Qh3+ 36. Ke2 Nxe3 37. Rxb7 Nxg4 38. b6
cxb6 39. Qxb6 Qg2+ 40. Ke1 Ra8 41. Rd7 Ne5 0-1

[Event "Grosslobming WGP 2025"]
[Site "Grosslobming AUT"]
[Date "2025.05.08"]
[Round "3"]
[White "Zhu,Jiner"]
[Black "Salimova,Nurgyul"]
[Result "1-0"]
[WhiteElo "2541"]
[BlackElo "2399"]
[EventDate "2025.05.06"]

1. e4 e5 2. Nf3 Nf6 3. Nxe5 d6 4. Nf3 Nxe4 5. Nc3 Nxc3 6. dxc3 Be7 7. Be3
O-O 8. Qd2 Nd7 9. O-O-O Nf6 10. Bd3 Re8 11. Rhe1 Bg4 12. Bg5 Qd7 13. a3 Bf5
14. Nd4 Bg6 15. f3 Nd5 16. Bxg6 hxg6 17. h4 Nb6 18. g4 Bf8 19. h5 c5 20.
Nb3 gxh5 21. Rh1 f6 22. Bf4 h4 23. Qh2 g5 24. Nxc5 Qf7 25. Ne4 Rxe4 26.
fxe4 Qa2 27. b3 Rc8 28. Rd3 gxf4 29. Qxh4 Bg7 30. Kd2 Nd7 31. Qh7+ Kf8 32.
Qf5 Rc7 33. Qe6 Ne5 34. Qxd6+ Re7 35. Rh7 Nxd3 36. Rxg7 Kxg7 37. Qxe7+ Kg6
38. Qe8+ Kg7 39. Qe7+ Kg6 40. Qe8+ Kg7 41. Qd7+ Kh6 42. Qf5 Qb1 43. Qxf6+
Kh7 44. Qf5+ Kh6 45. Qh5+ Kg7 46. Qg5+ Kh7 47. Qe7+ Kg6 48. Qe8+ Kh6 49.
Qh8+ Kg6 50. Qe8+ Kh6 51. Qh5+ Kg7 52. Qg5+ Kh7 53. Qf5+ Kh6 54. Kxd3 Qd1+
55. Kc4 f3 56. Qf6+ Kh7 57. g5 Qe2+ 58. Kd5 f2 59. Qf7+ Kh8 60. g6 Qb5+ 61.
Kd4 Qb6+ 62. Kd3 Qxg6 63. Qxf2 Qa6+ 64. c4 Qxa3 65. Qf6+ Kg8 66. Qd8+ Kf7
67. Qd7+ Kf6 68. Qxb7 Qd6+ 69. Qd5 Qg3+ 70. Kd2 Qf4+ 71. Kc3 1-0

[Event "Grosslobming WGP 2025"]
[Site "Grosslobming AUT"]
[Date "2025.05.08"]
[Round "3"]
[White "Badelka,Olga"]
[Black "Muzychuk,A"]
[Result "0-1"]
[WhiteElo "2426"]
[BlackElo "2526"]
[EventDate "2025.05.06"]

1. Nf3 c5 2. b3 Nf6 3. Bb2 g6 4. e4 Bg7 5. e5 Nd5 6. c4 Nc7 7. d4 cxd4 8.
Qxd4 Nc6 9. Qe3 d6 10. Nbd2 Bf5 11. O-O-O dxe5 12. Ne4 Qc8 13. h3 O-O 14.
g4 Bxe4 15. Qxe4 Qe6 16. Bg2 Rad8 17. Kb1 Qf6 18. Qe3 Qf4 19. Rxd8 Rxd8 20.
Re1 Qxe3 21. Rxe3 f6 22. Ne1 Kf8 23. Rd3 Ke8 24. Rxd8+ Nxd8 25. Nd3 Nce6
26. c5 Kd7 27. b4 a6 28. a4 Nc6 29. Kc2 Ned4+ 30. Bxd4 Nxd4+ 31. Kc3 Kc7
32. Kc4 f5 33. gxf5 gxf5 34. h4 e6 35. b5 axb5+ 36. axb5 e4 37. Nf4 Be5 38.
h5 Kd7 39. b6 Bg7 40. Bf1 Kc6 41. Bg2 Kd7 42. Nh3 Nc6 43. Ng5 Ne5+ 44. Kb5
h6 45. Nh3 Nd3 46. Bf1 Bd4 47. f3 Nxc5 48. Kc4 Be3 49. Bg2 Kc6 50. fxe4
fxe4 0-1

[Event "Grosslobming WGP 2025"]
[Site "Grosslobming AUT"]
[Date "2025.05.08"]
[Round "3"]
[White "Kosteniuk,A"]
[Black "Tan,Zhongyi"]
[Result "1-0"]
[WhiteElo "2479"]
[BlackElo "2536"]
[EventDate "2025.05.06"]

1. d4 d5 2. c4 e6 3. Nc3 Nf6 4. cxd5 exd5 5. Bg5 c6 6. e3 h6 7. Bh4 Be7 8.
Bd3 O-O 9. Nge2 Ne4 10. Bxe7 Qxe7 11. Bxe4 dxe4 12. Qc2 f5 13. Nf4 Kh7 14.
h4 Re8 15. O-O-O Na6 16. Kb1 Be6 17. d5 cxd5 18. Ncxd5 Bxd5 19. Nxd5 Qf7
20. Rd4 Rac8 21. Qd2 Nc5 22. Nf4 a5 23. Rd6 Re5 24. Rc1 Rce8 25. Qd4 Nd3
26. Nxd3 exd3 27. Qxd3 Qh5 28. g3 Qf3 29. Rc2 R8e6 30. Qd1 Qg2 31. Rdd2 Rb5
32. Rd7 Rc6 33. Rxc6 bxc6 34. Qc2 Rd5 35. Rxd5 Qxd5 36. b3 Qf3 37. Kb2 h5
38. Qd2 c5 39. Ka3 Qe4 40. Qxa5 Qc2 41. Qe1 Kh6 42. Qf1 Kh7 43. Qc4 Qxf2
44. Qxc5 g6 45. Qe7+ Kg8 46. Qe6+ Kg7 47. Qe5+ Kf7 48. b4 Qd2 49. b5 Qd3+
50. Kb4 Qd2+ 51. Kc5 Qa5 52. Qd5+ Kg7 53. a4 Qc7+ 54. Kd4 Kh7 55. Qe5 Qa7+
56. Kd5 Qxa4 57. Qc7+ Kg8 58. Qc4 Qa8+ 59. Kd6+ Kh7 60. b6 Qd8+ 61. Kc6
Qe8+ 62. Kc7 Qe5+ 63. Kd7 Qg7+ 64. Kc8 Qf8+ 65. Kb7 Qa3 66. Qc7+ Kh6 67.
Qe5 Kh7 68. Kc7 Qc1+ 69. Kb8 Qa3 70. b7 Qa2 71. Kc8 Qa6 72. Kc7 Qa7 73. Qd4
Qa5+ 74. Kc8 Qa6 75. Qd5 g5 76. Qxf5+ Kh8 77. Qe5+ Kh7 78. Qe7+ Kh8 79.
Qe5+ Kh7 80. hxg5 Kg8 81. Qd5+ Kh7 82. Kc7 Qa7 83. Qd3+ Kg8 84. Qc4+ 1-0

[Event "Grosslobming WGP 2025"]
[Site "Grosslobming AUT"]
[Date "2025.05.09"]
[Round "4"]
[White "Dzagnidze,N"]
[Black "Tan,Zhongyi"]
[Result "1-0"]
[WhiteElo "2509"]
[BlackElo "2536"]
[EventDate "2025.05.06"]

1. c4 e5 2. g3 Nf6 3. Bg2 d5 4. cxd5 Nxd5 5. Nc3 Nb6 6. d3 Be7 7. Nf3 Nc6
8. O-O O-O 9. a3 Be6 10. Rb1 f6 11. b4 Qd7 12. Ne4 Nd5 13. Bb2 Rad8 14. Qc2
Bh3 15. Bxh3 Qxh3 16. b5 Nd4 17. Nxd4 exd4 18. Bxd4 f5 19. Nd2 f4 20. Qc4
Rf5 21. Nf3 g5 22. g4 Qxg4+ 23. Kh1 Kf8 24. Bh8 Rf7 25. Qe4 Qh3 26. Rg1 Qh5
27. Rbe1 Rd6 28. Ne5 Nc3 29. Qc4 Rf5 30. Qxc3 f3 31. Nxf3 1-0

[Event "Grosslobming WGP 2025"]
[Site "Grosslobming AUT"]
[Date "2025.05.09"]
[Round "4"]
[White "Muzychuk,A"]
[Black "Kosteniuk,A"]
[Result "1-0"]
[WhiteElo "2526"]
[BlackElo "2479"]
[EventDate "2025.05.06"]

1. e4 e6 2. d4 d5 3. Nc3 Bb4 4. e5 c5 5. Qg4 Ne7 6. dxc5 d4 7. a3 Qa5 8.
Qxd4 Nbc6 9. Qc4 Nd5 10. Bd2 Nxc3 11. Rc1 Bxc5 12. Bxc3 Qb6 13. Qf4 Bd4 14.
Bxd4 Nxd4 15. c3 Nc6 16. Rc2 Bd7 17. Nf3 h6 18. Be2 g5 19. Qe4 Qc7 20. O-O
Rg8 21. Bb5 a6 22. Bxc6 Bxc6 23. Qe3 Bxf3 24. Qxf3 O-O-O 25. Re1 Rd5 26.
Rce2 g4 27. Qf4 Rg5 28. Re4 Kb8 29. g3 a5 30. Rc4 Qb6 31. Rd4 Rf5 32. Qd2
Rfxe5 33. Rxe5 Rxe5 34. Rxg4 Rd5 35. Rd4 Rxd4 36. Qxd4 Qxb2 37. Qd8+ Ka7
38. Qxa5+ Kb8 39. Qd8+ Ka7 40. Qa5+ Kb8 41. Qb4 Qa1+ 42. Kg2 e5 43. Qf8+
Ka7 44. Qxh6 f6 45. Qxf6 Qxc3 46. Qf3 1-0

[Event "Grosslobming WGP 2025"]
[Site "Grosslobming AUT"]
[Date "2025.05.09"]
[Round "4"]
[White "Salimova,Nurgyul"]
[Black "Badelka,Olga"]
[Result "0-1"]
[WhiteElo "2399"]
[BlackElo "2426"]
[EventDate "2025.05.06"]

1. e4 e5 2. Nf3 Nc6 3. Bc4 Bc5 4. c3 Nf6 5. d4 exd4 6. cxd4 Bb4+ 7. Nbd2 d5
8. exd5 Nxd5 9. O-O O-O 10. a3 Bxd2 11. Bxd2 Bg4 12. h3 Bh5 13. g4 Bg6 14.
Ne5 Nxd4 15. Rc1 b5 16. Ba2 Re8 17. f4 Be4 18. Be1 Rxe5 19. Qxd4 Re8 20.
Kh2 Rc8 21. Bg3 c5 22. Rxc5 Rxc5 23. Qxc5 Nb6 24. Re1 Bb7 25. Qd4 Qc8 26.
Qc5 Bc6 27. Bb1 Nc4 28. Bf5 Qa8 29. Rxe8+ Qxe8 30. Bf2 Nd2 31. h4 Qe2 32.
Qxa7 g6 33. Bd3 Nf3+ 34. Kg3 Qxd3 35. Be3 h6 36. Qb8+ Kg7 37. Qb6 Qe4 38.
Qc5 Bd5 39. Qc3+ Kh7 40. h5 gxh5 41. gxh5 Nh2 0-1

[Event "Grosslobming WGP 2025"]
[Site "Grosslobming AUT"]
[Date "2025.05.09"]
[Round "4"]
[White "Javakhishvili,L"]
[Black "Zhu,Jiner"]
[Result "0-1"]
[WhiteElo "2430"]
[BlackElo "2541"]
[EventDate "2025.05.06"]

1. d4 Nf6 2. Nf3 e6 3. g3 b6 4. Bg2 Bb7 5. c4 Bb4+ 6. Bd2 Be7 7. Nc3 c6 8.
O-O d5 9. Bf4 O-O 10. Nd2 dxc4 11. Nxc4 Nd5 12. Qd2 Nxf4 13. Qxf4 Nd7 14.
Ne4 Ba6 15. Rac1 Rc8 16. h4 Nf6 17. Rfd1 Bxc4 18. Rxc4 c5 19. Nc3 Qe8 20.
dxc5 Bxc5 21. Ne4 Nxe4 22. Qxe4 Qb5 23. b3 Rfd8 24. Qc2 a5 25. a4 Qe8 26.
e3 Rxd1+ 27. Qxd1 Rd8 28. Qe2 Qd7 29. Be4 Qd1+ 30. Qxd1 Rxd1+ 31. Kg2 f5
32. Bc2 Rd2 33. Kf1 Bb4 34. Kg2 Kf7 35. g4 g6 36. h5 Kf6 37. hxg6 hxg6 38.
gxf5 exf5 39. Kg3 Bc5 40. Rc3 g5 41. Bd3 g4 42. Ba6 Bd6+ 43. f4 Bc5 44. Rd3
Rb2 45. Bc4 Kg6 46. Bd5 Bb4 47. Bg2 Be1+ 48. Kh2 Kh5 49. Rd8 Bd2 50. Rh8+
Kg6 51. Rg8+ Kf7 52. Bd5+ Ke7 53. e4 Bxf4+ 54. Kg1 Kd6 55. Ba8 Be3+ 56. Kh1
Rb1+ 57. Kh2 g3+ 58. Kg2 f4 59. Rg6+ Ke5 60. Bd5 Rb2+ 0-1

[Event "Grosslobming WGP 2025"]
[Site "Grosslobming AUT"]
[Date "2025.05.09"]
[Round "4"]
[White "Vaishali,Rameshbabu"]
[Black "Muzychuk,M"]
[Result "1/2-1/2"]
[WhiteElo "2475"]
[BlackElo "2494"]
[EventDate "2025.05.06"]

1. e4 c5 2. Nf3 Nc6 3. d4 cxd4 4. Nxd4 Nf6 5. Nc3 e5 6. Ndb5 d6 7. Bg5 a6
8. Na3 b5 9. Nd5 Be7 10. Bxf6 Bxf6 11. c4 b4 12. Nc2 O-O 13. h4 Be6 14. Qf3
Bxd5 15. cxd5 Na5 16. Ne3 Nb7 17. Bc4 Nc5 18. g3 Qd7 19. O-O-O Rfc8 20. Kb1
Na4 21. Rc1 a5 22. Qe2 Rc5 23. Ba6 Rb8 24. Bd3 Bd8 25. Rxc5 Nxc5 26. Rc1 a4
27. Rc4 g6 28. Qd2 h5 29. Bf1 b3 30. a3 Bf6 31. Qd1 Kg7 32. Qd2 Kh7 33. Qd1
Kg7 34. Qd2 Kh7 35. Qd1 Kg7 1/2-1/2